01352nam a2200301 i 4500001000300000003000400003005001700007008003900024015001800063040001400081041001300095080001200108080001200120100004100132245008700173260007600260300004300336490009500379500012900474504002400603546001900627650002800646655003000674710006200704830009500766856009800861856009100959bgBPK20251126131349.0070406s2006 pl a f f |000 0 pol aPB 2007/10237 aWA NcBPK0 apolbeng a543.544 a(075.8)1 aZarzycki, Paweł K.d{1966- )eAutor10aWybrane elementy teorii i praktyki chromatografii cieczowej /cPaweł K. Zarzycki. aKoszalin :bWydawnictwo Uczelniane Politechniki Koszalińskiej,c2006. a100 s. :bil. (w tym kolor.) ;c24 cm.1 aMonografia Wydziału Budownictwa i Inżynierii Środowiska / Politechnika Koszalińska. aISSN 0239-7129 oraz nr 126 odnosi się do pierwotnego tyt. serii: Monografie / Wyższa Szkoła Inżynierska w Koszalinie. aBibliogr. s. 96-99. aStreszcz. ang. 4aChromatografia cieczowa 4aPodręczniki akademickie2 aWydawnictwo Uczelniane (Politechnika Koszalińska)4pbl. 0aMonografia Wydziału Budownictwa i Inżynierii Środowiska - Politechnika Koszalińska  uhttp://koha.tu.koszalin.pl/cgi-bin/koha/opac-detail.pl?biblionumber=52638yKatalog online BPK uhttps://dlibra.tu.koszalin.pl/dlibra/publication/2087/edition/2077yBiblioteka Cyfrowa